Современная киргизская кухня: сборник рецептур

Bibliografiske detaljer
Andre forfattere: Ибрагимова С. Ш. (редактор)
Sprog:russisk
Udgivet: Фрунзе, Советская энциклопедия, 1989
Fag:
Format: MixedMaterials Bog
KOHA link:https://koha.lib.tpu.ru/cgi-bin/koha/opac-detail.pl?biblionumber=252800

MARC

LEADER 00000nam0a2200000 4500
001 252800
005 20231101232802.0
010 |a 5897500223 
020 |a RU  |b 91-19257 
035 |a (RuTPU)RU\TPU\book\275155 
090 |a 252800 
100 |a 20140305d1991 m a0rusy5003 ca 
101 0 |a rus 
102 |a KG 
105 |a a z 000zy 
200 1 |a Современная киргизская кухня  |e сборник рецептур  |f под ред. С. Ш. Ибрагимовой 
210 |a Фрунзе  |c Советская энциклопедия  |d 1989 
215 |a 224 с., [8] л. ил. 
606 1 |a Домоводство  |2 stltpush  |3 (RuTPU)RU\TPU\subj\9989  |9 37135 
610 1 |a национальные блюда 
610 1 |a кулинария 
610 1 |a киргизская кухня 
610 1 |a рецептура 
610 1 |a национальные блюда 
675 |a 641  |z rus 
702 1 |a Ибрагимова  |b С. Ш.  |4 340 
801 0 |a RU  |b RuMRKP  |c 19950417  |g psbo 
801 1 |a RU  |b 63413507  |c 20140305 
801 2 |a RU  |b 63413507  |c 20140513  |g RCR 
942 |c BK